IMBD Top TV Series - Statistics

General Stats
  • This quiz has been taken 1,078 times
  • The average score is 10 of 100
Answer Stats
Hint Answer % Correct
3 Breaking Bad
75%
34 Friends
69%
4 Game of Thrones
69%
8 The Sopranos
41%
54 The Walking Dead
39%
86 House
37%
97 How I Met Your Mother
36%
13 Dexter
35%
2 The Wire
34%
56 The Office (UK)
31%
41 The Office (US)
31%
50 The Simpsons
30%
22 Seinfeld
28%
9 Sherlock
23%
93 The Big Bang Theory
22%
28 South Park
19%
57 Doctor Who
18%
65 Modern Family
18%
35 Suits
17%
55 Mad Men
16%
69 Sons of Anarchy
14%
94 Supernatural
14%
1 Planet Earth
13%
25 Oz
12%
17 Twin Peaks
12%
48 Futurama
11%
88 Homeland
10%
36 Six Feet Under
10%
14 Avatar: The Last Airbender
9%
27 The Last Airbender: The legend of Korra
9%
49 The X Files
9%
60 Boardwalk Empire
7%
30 Downton Abbey
7%
21 Batman
6%
52 Community
6%
29 Deadwood
6%
7 Firefly
6%
23 Rome
6%
78 Spartacus: Blood and Sand
6%
91 The Shield
6%
89 The West Wing
6%
46 Battlestar Galactica
5%
85 Dragon Ball
5%
31 It's Always Sunny in Philadelphia
5%
39 Archer
4%
20 Death Note
4%
24 Fawlty Towers
4%
66 One Piece
4%
33 Only Fools and Horses....
4%
90 Entourage
3%
12 Monty Python's Flying Circus
3%
11 The Twilight Zone
3%
63 Top Gear (1978)
3%
38 Top Gear (2002)
3%
87 Carnivàle
2%
83 Dragon Ball Z
2%
58 Dragon Ball Z (Dubbed)
2%
47 Fullmetal Alchemist
2%
19 Fullmetal Alchemist Brotherhood
2%
67 Justified
2%
99 Misfits
2%
96 Star Trek: The Next Generation
2%
26 Blackadder Goes Forth
1%
84 Black Books
1%
16 Cowboy Bebop
1%
100 Extras
1%
74 Father Ted
1%
10 Leyla ile Mecnun
1%
82 Louie
1%
62 Peep Show
1%
18 QI
1%
44 Spaced
1%
79 The Colbert Report
1%
68 The Daily Show
1%
95 The IT Crowd
1%
76 The Muppet Show
1%
72 The Newsroom
1%
53 Tom and Jerry
1%
98 X-Men
1%
51 Adventure Time with Finn & Jake
0%
5 Arrested Develipment
0%
75 Behzat ç. Bir Ankara Polisiyesi
0%
42 Berserk
0%
32 Black-Adder II
0%
40 Black Adder the Third
0%
59 Chappelle's Show
0%
77 Coupling
0%
15 Freeks and Geeks
0%
81 Garth Marenghi's Darkplace
0%
92 Ghost in the Shell: Stand Alone Complex
0%
61 I'm Alan Partridge
0%
43 Mystery Science Theatre 3000
0%
71 Neon Genesis Evangelion
0%
64 Samurai Champloo
0%
73 Summer Heights High
0%
37 The Adventures of Sherlock Holmes
0%
45 The Venture Bros.
0%
6 Undercover
0%
80 Whose Line Is It Anyway?
0%
70 Young Justice
0%
No matching quizzes found
Score Distribution
Percent of People with Each Score
Percentile by Number Answered
Your Score History
You have not taken this quiz